| 000 | 00609nam a2200217 a 4500 | ||
|---|---|---|---|
| 008 | |||
| 020 | _a9780752226545 (hbk.) | ||
| 049 | _aMAIN | ||
| 090 |
_aGV950.7 _bMAT |
||
| 245 | 1 | 0 |
_aMatch ! : _bbook of football records !/ _c edited by Tim Street. |
| 260 |
_aLondon : _bBoxtree, _c2009. |
||
| 300 |
_a251 p. : _bcol. ill. ; _c30 cm. |
||
| 500 | _aIncludes index. | ||
| 650 |
_aFootball _xRecords. |
||
| 700 | _aStreet, Tim. | ||
| 907 |
_a.b10383980 _b26-09-17 _c25-09-17 |
||
| 003 | |||
| 005 | 20230123122300.0 | ||
| 040 | _cNUST | ||
| 942 |
_cBOOKS _kGV950.7 _mMAT |
||
| 999 |
_c130953 _d130953 |
||